000 00758nam a2200265Ia 4500
001 Para_39
003 CHAP
008 220125s1999 xx 000 0 und d
010 _a198612
040 _cCHAP
090 _aPA FOLLETO 42
100 _aValdes F., A.
_9163890
245 _aEl gusano rosado del algodón /
_c por A. Valdes F. y C. Caballero B
260 _aCiudad Delicias, Chih. :
_b Patronato para la Investigación, Fomento y Defensa Agricola
300 _a25 p.
650 _aGusano rosado
_951563
700 _aI. Caballero B., C.
_9163891
901 _aPA FOLLETO 42
902 _aA
905 _a000005-19- mx a 0000000000 00
910 _a-19-
942 _cPARA
942 _cPARA
_d1
999 _c198612
_d198612